Perenang berbakat (Record no. 73493)

MARC details
000 -LEADER
fixed length control field 00780nam a2200265 i 4500
001 - CONTROL NUMBER
control field C2-0263395
003 - CONTROL NUMBER IDENTIFIER
control field PPAK
005 - DATE AND TIME OF LATEST TRANSACTION
control field 20180727232110.0
008 - FIXED-LENGTH DATA ELEMENTS--GENERAL INFORMATION
fixed length control field 050324s2005 my a|||| ||||| | may d
020 ## - INTERNATIONAL STANDARD BOOK NUMBER
International Standard Book Number 9830783200 ; 9789830783208
040 ## - CATALOGING SOURCE
Original cataloging agency PPAK
Language of cataloging eng
Transcribing agency PPAK
Description conventions rda
082 04 - DEWEY DECIMAL CLASSIFICATION NUMBER
Classification number 899.233
Edition number 23
090 00 - LOCALLY ASSIGNED LC-TYPE CALL NUMBER (OCLC); LOCAL CALL NUMBER (RLIN)
Classification number (OCLC) (R) ; Classification number, CALL (RLIN) (NR) 899.233
Feature heading AME
Feature heading K
100 0# - MAIN ENTRY--PERSONAL NAME
Personal name Amer Haji Matsom,
Relator term author
245 10 - TITLE STATEMENT
Title Perenang berbakat
264 #1 - PRODUCTION, PUBLICATION, DISTRIBUTION, MANUFACTURE, AND COPYRIGHT NOTICE
Place of production, publication, distribution, manufacture Petaling Jaya, Selangor :
Name of producer, publisher, distributor, manufacturer Pustaka Murni ,
Date of production, publication, distribution, manufacture, or copyright notice 2005
300 ## - PHYSICAL DESCRIPTION
Extent 155 pages :
Other physical details illustrations ;
Dimensions 21 cm
336 ## - CONTENT TYPE
Source rdacontent
Content type term text
337 ## - MEDIA TYPE
Source rdamedia
Media type term unmediated
338 ## - CARRIER TYPE
Source rdacarrier
Carrier type term volume
490 1# - SERIES STATEMENT
Series statement Siri menebus kegagalan
650 10 - SUBJECT ADDED ENTRY--TOPICAL TERM
Topical term or geographic name entry element Children's stories, Malay. ; Malay fiction.
830 #0 - SERIES ADDED ENTRY--UNIFORM TITLE
Uniform title Siri menebus kegagalan
942 ## - ADDED ENTRY ELEMENTS (KOHA)
-- dc
Koha item type Book
Holdings
Withdrawn Not for loan Current library Shelving location Date acquired Total Checkouts Full call number Barcode Date last seen Koha item type
    Perpustakaan Alor Setar Pinjaman Kanak-kanak 24/10/2005   K 899.233 AME A01097087 09/05/2018 Book
    Perpustakaan Awam Sungai Petani Pinjaman Kanak-kanak 24/10/2005   K 899.233 AME A01097088 09/05/2018 Book
    Perpustakaan Baling Pinjaman Kanak-kanak 24/10/2005   K 899.233 AME A01097090 09/05/2018 Book
    Perpustakaan Jitra Pinjaman Kanak-kanak 24/10/2005   K 899.233 AME A01097089 09/05/2018 Book
    Perpustakaan Langkawi Pinjaman Kanak-kanak 24/02/2016   K 899.233 AME A00877443 09/05/2018 Book
    PD04, Kg. Bukit Nambua, Kuala Nerang Pinjaman Kanak-kanak 15/06/2006   K 899.233 AME A01103921 09/05/2018 Book
    PD38, KEDA Tanjung Setol, Pendang Pinjaman Kanak-kanak 08/01/2015   K 899.233 AME A00872800 09/05/2018 Book